000 00878cam a2200277Li 4500
001 .b21951317
008 131122s2013 ch e 000 0 chi d
020 _a9789866259616 (軟精裝) :
_cNT$250
040 _aRDI
_bchi
_cRDI
041 1 _achi
_heng
042 _anbic
050 _aBV4528.2
100 1 _6880-01
_aOmartian, Stormie.
240 1 4 _aThe power of a praying husband.
_lChinese.
245 1 0 _a如何為你的妻子禱告 /
_c史多美.奧瑪森(Stormie Omartian)著 ; 陳晨光譯
250 _a二版
260 _a臺北市 :
_b以琳,
_c2013[民102]
300 _a221面 ;
_c22公分
490 0 _a禱告叢書 ;
_vEP039-2.
500 _a本書譯自 : The power of a praying husband.
650 7 _a基督教.
_2lcstt.
650 7 _a祈禱.
_2lcstt.
700 1 _a陳, 晨光
880 1 _6100-01/$1
_a奧瑪森
_c(Omartian, Stormie)
942 _2lcc
_cBK
999 _c39028
_d39028